عرض عادي عرض مارك
  • Petersen, Richard,

مدخل إسم شخص

عدد التسجيلات المستخدمة في: 1

001 - رقم الضبط

  • حقل الضبط: 4733

003 - معرف رقم الضبط

  • حقل الضبط: OSt

005 - تاريخ ووقت أخر عملية

  • حقل الضبط: 20110921005034.0

008 - عناصر بيانات ثابتة الطول

  • حقل تحكم ثابت الطول: 110921|||a|||||| | ||| d

040 ## - مصدر الفهرسة

  • هيئة الفهرسة الأصلية: OSt
  • وكالة الكتابة: OSt

100 ## - مدخل -- أسم شخص

  • إسم شخص: Petersen, Richard,
  • تواريخ مرتبطة بالاسم: 1949-

670 ## - بيانات المصدر موجوده

  • الاستشهاد بالمصدر: Work cat.: (OSt)778: Petersen, Richard, 1949-, Linux :, c2002.